Catalogo

Cooperativismo y desarrollo rural en una provincia colombiana (Registro nro. 12204)

Detalles MARC
000 -LEADER
fixed length control field 00572nam a2200205Ia 4500
005 - DATE AND TIME OF LATEST TRANSACTION
control field 20250822170844.0
008 - FIXED-LENGTH DATA ELEMENTS--GENERAL INFORMATION
fixed length control field 250822s9999||||xx |||||||||||||| ||und||
100 ## - MAIN ENTRY--PERSONAL NAME
Personal name Dávila, Ricardo
100 ## - MAIN ENTRY--PERSONAL NAME
Personal name Forero Álvarez, Jaime
245 #0 - TITLE STATEMENT
Title Cooperativismo y desarrollo rural en una provincia colombiana
300 ## - PHYSICAL DESCRIPTION
Extent p. 25-33
650 ## - SUBJECT ADDED ENTRY--TOPICAL TERM
Topical term or geographic name entry element COOPERATIVAS
650 ## - SUBJECT ADDED ENTRY--TOPICAL TERM
Topical term or geographic name entry element COOPERATIVISMO
650 ## - SUBJECT ADDED ENTRY--TOPICAL TERM
Topical term or geographic name entry element DESARROLLO RURAL
650 ## - SUBJECT ADDED ENTRY--TOPICAL TERM
Topical term or geographic name entry element SOCIOLOGIA
650 ## - SUBJECT ADDED ENTRY--TOPICAL TERM
Topical term or geographic name entry element ZONAS RURALES
651 ## - SUBJECT ADDED ENTRY--GEOGRAPHIC NAME
Geographic name COLOMBIA
773 ## - HOST ITEM ENTRY
Main entry heading Cuadernos de desarrollo rural No. 38-39 (1997)
942 ## - ADDED ENTRY ELEMENTS (KOHA)
-- MJCh

No hay ítems disponibles.

Dirección

Pasaje Pampa de La Alianza 164 / Cusco, Cusco, Perú 08001

Horario de atención

Lunes a Viernes
Turno mañana:  9:00am - 1:00pm
Turno tarde:  3:00pm - 6:00pm



Teléfonos

Fijo: +5184245415 / Movil: +51974943010